Několik poznámek ke správnému užívání a interpretaci středních hodnot
Stredné hodnoty patria k základným charakteristikám štatistických súborov. Zdôraznenie, že stredných hodnôt je nepreberné množstvo a ich správna voľba závisí na vlastnostiach súboru ktorého stredná hodnota sa má vypočítať a čo sa má strednou hodnotou vyjadriť. Stredné hodnoty tzv. aritmetický prieme...
Enregistré dans:
| Auteur principal: | |
|---|---|
| Format: | Chapitre de livre |
| Langue: | tchèque |
| Sujets: | |
| Tags: |
Pas de tags, Soyez le premier à ajouter un tag!
|
MARC
| LEADER | 00000naa$a2200000$$$4500 | ||
|---|---|---|---|
| 001 | 0025854 | ||
| 005 | 20231107070635.0 | ||
| 041 | 0 | |a cze | |
| 044 | |a CZ | ||
| 245 | 1 | 0 | |a Několik poznámek ke správnému užívání a interpretaci středních hodnot |c Miloslav Kaňok |
| 520 | |a Stredné hodnoty patria k základným charakteristikám štatistických súborov. Zdôraznenie, že stredných hodnôt je nepreberné množstvo a ich správna voľba závisí na vlastnostiach súboru ktorého stredná hodnota sa má vypočítať a čo sa má strednou hodnotou vyjadriť. Stredné hodnoty tzv. aritmetický priemer, medián a modus. Priemery zaujímajú najväčší význam medzi strednými hodnotami. Priemer u pomerných ukazovateľov. Priemerná koeficient rastu. Priemer údajov časovej rady. | ||
| 610 | 2 | 0 | |a súbory štatistické |
| 610 | 2 | 0 | |a rady časové |
| 610 | 2 | 0 | |a analýza štatistická |
| 610 | 2 | 0 | |a štatistika matematická |
| 100 | 1 | |a Kaňok, Miloslav | |